| 000 | 00518nam a22001817a 4500 | ||
|---|---|---|---|
| 003 | MX-MxUPN | ||
| 005 | 20250402155839.0 | ||
| 008 | 250402s2001 mx| |||fr|||| 000 0 spa d | ||
| 040 |
_aMX-MxUPN _bspa |
||
| 041 | 0 | _aspa | |
| 050 |
_aLC5808 A44 _bO27 2001 |
||
| 245 | 0 | 0 | _aObervatorio UNAM-UNESCO del campus virtual |
| 260 |
_a[México] : _bUNAM : _bUNESCO, _c2001 |
||
| 300 | _a21 páginas | ||
| 650 | 4 |
_aEducación a distancia _zAmérica Latina _94171 |
|
| 902 | _bVíctorGodínez/020425 | ||
| 942 |
_2lcc _cFOLL |
||
| 999 |
_c213041 _d213041 |
||